Name the Friends Character Who... Quiz Stats

 Plays Quiz Updated Jul 10, 2017

Support Sporcle.
Go Orange.
Score 0/30 Timer 05:00
17 Plays Today
Hint 'Friend' % Correct
Is a paleontologist???
97.9%
Loves to clean and organize things???
97.7%
Has a twin???
95.6%
Is a vegetarian???
95.4%
Never gets married throughout the show???
93.4%
Doesn't have any brothers or sisters???
92.4%
Owns a taxi???
92.3%
Married Chandler and Monica as well as Mike and Phoebe???
91.5%
Does not share food???
91.3%
Dated a multi-millionaire named Pete???
91%
Is Rachel's 'lobster'???
90.7%
Left their fiancé at the altar???
89.9%
Bonded with Ugly Naked Guy to get his apartment???
88%
Pretends to move to Yemen???
87.9%
Has the middle name 'Muriel'???
87.2%
Hint 'Friend' % Correct
Has a friend named Mindy???
80.5%
Makes an entertainment center???
80.1%
Always gets their money's worth out of hotels???
79.7%
Got locked in a vestibule with Jill Goodacre???
79.4%
Kisses Chandler's mom???
78.6%
Worked for Mr. Zelner???
77.9%
Claims someone dies whenever they go to the dentist???
76.4%
Accidentally told a little boy he was adopted???
76.3%
Accidentally dropped lottery tickets off the balcony???
74.7%
Said, 'And hey! Just so you know, it's not that common, it doesn't happen to every guy, and it is a big deal!'???
74.6%
Is the youngest 'friend' character???
66.6%
Can only eat tic tacs in even numbers???
58.6%
Worked at Javu???
56.9%
Played the stock market???
50.5%
Cries whenever 'Titanic' is mentioned???
37.2%

You're not logged in!

Compare scores with friends on all Sporcle quizzes.
OR
Log In
Forgot?

From the Vault

Click the Isogram States (Minefield)

by El_Dandy

If you find you're repeating yourself, you're doing something wrong.
Remove Ads.
Support Sporcle.
Get the best of Sporcle when you Go Orange. This ad-free experience offers more features, more stats, and more fun while also helping to support Sporcle. Thank you for becoming a member.

Show Comments

Extras

Top Quizzes Today


Score Distribution

Your Account Isn't Verified!

In order to create a playlist on Sporcle, you need to verify the email address you used during registration. Go to your Sporcle Settings to finish the process.

Report this User

Report this user for behavior that violates our Community Guidelines.

Details: